The Six Sigma black belt handbook / (Record no. 50312)

MARC details
000 -LEADER
fixed length control field 01617nam a22003137a 4500
005 - DATE AND TIME OF LATEST TRANSACTION
control field 20110203144420.0
008 - FIXED-LENGTH DATA ELEMENTS--GENERAL INFORMATION
fixed length control field 110203t xxu||||| |||| 00| 0 eng d
010 ## - LCCN (DPL NO)
LC control number ENG-101998 B-453738
020 ## - INTERNATIONAL STANDARD BOOK NUMBER
International Standard Book Number 9780071067454
Terms of availability 795.00
020 ## - INTERNATIONAL STANDARD BOOK NUMBER
International Standard Book Number 0071067450
Terms of availability 795.00
035 ## - SYSTEM CONTROL NUMBER
System control number EN-85531 B-453738
037 ## - SOURCE OF ACQUISITION
Source of stock number/acquisition DBAD/PUB
040 ## - CATALOGING SOURCE
Original cataloging agency dpl
Language of cataloging Eng
082 ## - DEWEY DECIMAL CLASSIFICATION NUMBER
Classification number 658.562
245 ## - TITLE STATEMENT
Title The Six Sigma black belt handbook /
Statement of responsibility, etc by Tom McCarty ... [et al]
260 ## - PUBLICATION, DISTRIBUTION, ETC. (IMPRINT)
Place of publication, distribution, etc New Delhi
Name of publisher, distributor, etc Tata McGraw Hill
Date of publication, distribution, etc 2010
270 ## - ADDRESS
Address 7, West Patel Nagar
City New Delhi
Postal code 110008
300 ## - PHYSICAL DESCRIPTION
Extent xiv,588p. :
Other physical details ill.
Dimensions 24cm (Hb)
490 ## - SERIES STATEMENT
Series statement Six sigma operational methods series
-- 43822
500 ## - GENERAL NOTE
General note Includes bibliographical references and index.
650 ## - SUBJECT ADDED ENTRY--TOPICAL TERM
Topical term or geographic name as entry element Six sigma (Quality control standard)
Form subdivision Handbooks, manuals, etc.
9 (RLIN) 25980
650 ## - SUBJECT ADDED ENTRY--TOPICAL TERM
Topical term or geographic name as entry element Production management
Form subdivision Handbooks, manuals, etc.
9 (RLIN) 25981
650 ## - SUBJECT ADDED ENTRY--TOPICAL TERM
Topical term or geographic name as entry element Quality control
Form subdivision Handbooks, manuals, etc.
General subdivision Statistical methods
9 (RLIN) 25982
700 ## - ADDED ENTRY--PERSONAL NAME
Personal name McCarty, Tom
9 (RLIN) 25983
942 ## - ADDED ENTRY ELEMENTS (KOHA)
Source of classification or shelving scheme Dewey Decimal Classification
Item type English Books
Classification part 658.562
Call number suffix SIX
Holdings
Withdrawn status Lost status Source of classification or shelving scheme Damaged status Not for loan Collection code Home library Current library Date acquired Source of acquisition Cost, normal purchase price Total Checkouts Full call number Barcode Date last seen Copy number Cost, replacement price Koha item type Total Renewals
    Dewey Decimal Classification     Non-fiction Central Library Central Library 16/03/2012 Researchco Book Centre/26697/12.10.11/07/15.09.11/29.11.11 795.00 4 658.562 SIX B-453738 06/08/2019 1 795.00 English Books 2
    Dewey Decimal Classification   Not For Loan Non-fiction D.B.Act.Division D.B.Act.Division 15/02/2011 DBAD/PUB 795.00   658.562 SIX EN-85531 15/02/2011 1 795.00 English Books  

© Delhi Public Library
Hit Counter
free hit counter